Elektrische Maschinen /

Salvato in:
Dettagli Bibliografici
Autore principale: Fischer, Rolf (Autore)
Natura: Libro
Lingua:tedesco
Pubblicazione: München : Carl Hanser Verlag, 1992
Edizione:8.überarb.und erweit.Aufl.
Soggetti:
Tags: Aggiungi Tag
Nessun Tag, puoi essere il primo ad aggiungerne!!

MARC

LEADER 00000nam a22000003a 4500
001 stu5232
005 20200914122818.7
008 940307s1992----gw------------------ger-d
020 |a 3-446-16482-0 
040 |a STU  |b slo 
041 0 |a ger 
044 |a gw 
080 |a 621.313 
100 1 |a Fischer, Rolf  |4 aut 
245 1 |a Elektrische Maschinen /  |c [aut.] Fischer,Rolf 
250 |a 8.überarb.und erweit.Aufl. 
260 |a München :  |b Carl Hanser Verlag,  |c 1992 
300 |a 401 s 
650 7 |a elektrické stroje  |2 stusub 
996 |b E78896  |c E*78896  |l EE04  |s P  |a 0  |w stu5232_0001